| 000 | 00455cam a2200181ua 4500 | ||
|---|---|---|---|
| 020 | _c97.12 | ||
| 041 |
_aeng _h |
||
| 082 |
_a547 _bGOU/ME |
||
| 100 | _aGould, Edwin.S . | ||
| 245 |
_aMechanism and structure in organic chemistry / _cS.Edwin Gould. _hTextual Documents |
||
| 250 |
_a1 / _b. |
||
| 260 |
_a : _bHolt,Rinehart and Winston , _c1965. |
||
| 300 | _a790 ; . | ||
| 365 | _a97.12 | ||
| 504 | _a | ||
| 942 | _cBK | ||
| 999 |
_c1672 _d1672 |
||